00461nam a22001697a 450000500170000001000150001702000260003203500140005803700130007208200100008510000200009524500400011526000300015527000540018530000240023971000280026320240118115033.0 aENG-138926 c395.00a9788178246611 aEN-122458 bDBAD/PUB a321.8 aBilgrami, Akeel aCapital, Culture, and the Commons / aRanikhetbPermanent Black bRanikhetaHimalayana, Mall Road, Ranikhete263645 a107 pg.c20 cm(pbk) aRoma ChatterjeeeEditor